| 000 | 00473nam a22001697a 4500 | ||
|---|---|---|---|
| 999 |
_c526728 _d526728 |
||
| 003 | NUST | ||
| 038 | _awaseem | ||
| 082 |
_a154.34 _bKHA |
||
| 100 |
_aKhalid Saleem Farooqi _917718 |
||
| 245 |
_aJinsi taleem or bachay / _cKhalid Saleem Farooqi |
||
| 260 |
_aLahore : _bBook home, _c2004. |
||
| 300 | _a256 p. ; | ||
| 500 | _aHardcover. | ||
| 880 |
_6100-01\r _aخالد سلیم فاروقی |
||
| 880 |
_6245-02\r _aجنسی تعلیم اور بچے / |
||
| 942 |
_2ddc _cBK |
||